000 005610000a22001930004500
003 LK-CoMWRAF
005 20231006111104.0
008 230817t1989 ||||| |||| 00| 0 eng d
040 _aLK-CoMWRAF
_dLK-CoMWRAF
_eLK-CoMWRAF
041 _aeng
082 _a297
_bALB
100 _aAlbar, Mohammed Ali
245 _aHuman development :
_bAs revealed in the Holy Quran and Hadith
250 _aFirst Edition
260 _bSaudi publishing & distributing house
_c1989
300 _a149 p. : ill. (some col.) ; 22 cm.
650 _aIslamic Medicine
942 _cBK
999 _c1617
_d1617